International human rights law in Africa, 2nd ed. / (Record no. 4903)

MARC details
000 -LEADER
fixed length control field 02658cam a2200577 a 4500
001 - CONTROL NUMBER
control field ocn794228312
003 - CONTROL NUMBER IDENTIFIER
control field OCoLC
005 - DATE AND TIME OF LATEST TRANSACTION
control field 20190322123741.0
008 - FIXED-LENGTH DATA ELEMENTS--GENERAL INFORMATION
fixed length control field 120125s2012 enk b 001 0 eng
010 ## - LIBRARY OF CONGRESS CONTROL NUMBER
LC control number 2012931715
016 7# - NATIONAL BIBLIOGRAPHIC AGENCY CONTROL NUMBER
Record control number 015969106
Source Uk
020 ## - INTERNATIONAL STANDARD BOOK NUMBER
International Standard Book Number 9780199645596
Qualifying information (pbk.)
020 ## - INTERNATIONAL STANDARD BOOK NUMBER
International Standard Book Number 0199645590
Qualifying information (pbk.)
020 ## - INTERNATIONAL STANDARD BOOK NUMBER
International Standard Book Number 9780199645589
020 ## - INTERNATIONAL STANDARD BOOK NUMBER
International Standard Book Number 0199645582
029 1# - (OCLC)
OCLC library identifier AU@
System control number 000049015746
029 1# - (OCLC)
OCLC library identifier UNITY
System control number 126192650
035 ## - SYSTEM CONTROL NUMBER
System control number (OCoLC)794228312
040 ## - CATALOGING SOURCE
Original cataloging agency DLC
Language of cataloging eng
Transcribing agency TZ-ArACH
Modifying agency CUD
-- RCJ
-- UKMGB
042 ## - AUTHENTICATION CODE
Authentication code pcc
043 ## - GEOGRAPHIC AREA CODE
Geographic area code f------
049 ## - LOCAL HOLDINGS (OCLC)
Holding library TZAA
050 00 - LIBRARY OF CONGRESS CALL NUMBER
Classification number KQC572
Item number .V55 2012
082 04 - DEWEY DECIMAL CLASSIFICATION NUMBER
Classification number 341.48096
Edition number 23
100 1# - MAIN ENTRY--PERSONAL NAME
Personal name Viljoen, Frans.
245 10 - TITLE STATEMENT
Title International human rights law in Africa, 2nd ed. /
Statement of responsibility, etc Frans Viljoen.
250 ## - EDITION STATEMENT
Edition statement 2nd ed.
260 ## - PUBLICATION, DISTRIBUTION, ETC. (IMPRINT)
Place of publication, distribution, etc Oxford, U.K. :
Name of publisher, distributor, etc Oxford University Press,
Date of publication, distribution, etc 2012.
300 ## - PHYSICAL DESCRIPTION
Extent xxxvii, 622 pages ;
Dimensions 25 cm
504 ## - BIBLIOGRAPHY, ETC. NOTE
Bibliography, etc Includes bibliographical references (pages 573-601) and index.
505 0# - FORMATTED CONTENTS NOTE
Formatted contents note An introduction to international human rights law -- The role of United Nations organs and agencies in realizing human rights in Africa -- The United Nations treaty-based human rights system and Africa -- The African Union and human rights architecture -- Substantive human rights norms in the African regional system -- The African Commission : introduction and assessment -- The African Commission : protective mandate -- The African Commission : promotional mandate -- The African children's charter and children's rights committee -- The African Court on Human and Peoples' rights -- The realization of human rights in Africa through subregional institutions -- Domestic implementation of international human rights law in African States -- Conclusion.
610 20 - SUBJECT ADDED ENTRY--CORPORATE NAME
Corporate name or jurisdiction name as entry element African Court on Human and Peoples' Rights.
610 20 - SUBJECT ADDED ENTRY--CORPORATE NAME
Corporate name or jurisdiction name as entry element African Union.
610 20 - SUBJECT ADDED ENTRY--CORPORATE NAME
Corporate name or jurisdiction name as entry element African Commission on Human and Peoples' Rights.
610 27 - SUBJECT ADDED ENTRY--CORPORATE NAME
Corporate name or jurisdiction name as entry element African Commission on Human and Peoples' Rights.
Source of heading or term fast
610 27 - SUBJECT ADDED ENTRY--CORPORATE NAME
Corporate name or jurisdiction name as entry element African Court on Human and Peoples' Rights.
Source of heading or term fast
610 27 - SUBJECT ADDED ENTRY--CORPORATE NAME
Corporate name or jurisdiction name as entry element African Union.
Source of heading or term fast
610 27 - SUBJECT ADDED ENTRY--CORPORATE NAME
Corporate name or jurisdiction name as entry element African Court of Human and Peoples' Rights.
Source of heading or term unbisn
610 27 - SUBJECT ADDED ENTRY--CORPORATE NAME
Corporate name or jurisdiction name as entry element African Union.
Source of heading or term unbisn
610 27 - SUBJECT ADDED ENTRY--CORPORATE NAME
Corporate name or jurisdiction name as entry element African Commission on Human and Peoples' Rights.
Source of heading or term unbisn
650 #0 - SUBJECT ADDED ENTRY--TOPICAL TERM
Topical term or geographic name as entry element Human rights
Geographic subdivision Africa.
650 #0 - SUBJECT ADDED ENTRY--TOPICAL TERM
Topical term or geographic name as entry element International agencies
Geographic subdivision Africa.
650 #7 - SUBJECT ADDED ENTRY--TOPICAL TERM
Topical term or geographic name as entry element Human rights.
Source of heading or term fast
650 #7 - SUBJECT ADDED ENTRY--TOPICAL TERM
Topical term or geographic name as entry element International agencies.
Source of heading or term fast
650 #7 - SUBJECT ADDED ENTRY--TOPICAL TERM
Topical term or geographic name as entry element M�anskliga r�attigheter.
Source of heading or term sao
650 #7 - SUBJECT ADDED ENTRY--TOPICAL TERM
Topical term or geographic name as entry element HUMAN RIGHTS.
Source of heading or term unbist
650 #7 - SUBJECT ADDED ENTRY--TOPICAL TERM
Topical term or geographic name as entry element INTERGOVERNMENTAL ORGANIZATIONS.
Source of heading or term unbist
650 #7 - SUBJECT ADDED ENTRY--TOPICAL TERM
Topical term or geographic name as entry element AFRICA.
Source of heading or term unbist
651 #7 - SUBJECT ADDED ENTRY--GEOGRAPHIC NAME
Geographic name Africa.
Source of heading or term fast
942 ## - ADDED ENTRY ELEMENTS (KOHA)
Source of classification or shelving scheme Library of Congress Classification
Koha item type Books
Holdings
Home library Current library Date acquired Full call number Barcode Koha item type Cost, replacement price Public note
African Court on Human and Peoples' Rights Library African Court on Human and Peoples' Rights Library 23/08/2018 KQC572 .V55 2012 10216227 Books    
African Court on Human and Peoples' Rights Library African Court on Human and Peoples' Rights Library 28/08/2018 KQC572 .V55 2012 1021643X Books 62.00  
African Court on Human and Peoples' Rights Library African Court on Human and Peoples' Rights Library 28/08/2018 KQC572 .V55 2012 10216421 Books    
African Court on Human and Peoples' Rights Library African Court on Human and Peoples' Rights Library 03/10/2018 KQC572 .V55 2012 10215794 Books   Reserve copy

African Court on Human and Peoples' Rights | For Inquiries Contact » +255 272 510 510